000 00487cam a2200193ua 4500
001 3497
008 150109n ii |||gr||||Z||||||asm
040 _cMAIN
041 _aasm
082 _a891.4518
100 _aDihingia, Mamani,
_eAuthor.
245 _aSamayar para samayaloi
_cby Mamani Dihingia
250 _a1st.
260 _aDibrugarh:
_bKaustubh Prakashan,
_c2004.
300 _a146p:
_c23cm.
653 _aAssamese prabandha
653 _aSamayar para samayaloi
942 _cBK
999 _c3339
_d3339